| 000 | 00788nmc a2200301 a 4500 | ||
|---|---|---|---|
| 003 | AR-BaBNM | ||
| 005 | 20251128205633.0 | ||
| 008 | 038019s1990 ||||||||||||||000 | spa|| | ||
| 020 | _a84-348-2798-0 | ||
| 040 | _cAR-BaBNM | ||
| 100 | 1 | _aTerzi, Marinella | |
| 245 | 1 | 0 | _aEl imperio chino |
| 260 |
_aMadrid _bIncafo _bUNESCO _c1990 |
||
| 300 | 0 |
_a31 p. _bil., láms.,mapas |
|
| 490 | 0 |
_aEl patrimonio de la humanidad _vv. 9 |
|
| 650 | 4 | _aBIENES CULTURALES | |
| 650 | 4 | _aPATRIMONIO CULTURAL | |
| 650 | 4 | _aHISTORIA CULTURAL | |
| 650 | 4 | _aPOLITICA CULTURAL | |
| 650 | 4 | _aGESTION CULTURAL | |
| 650 | 4 | _aHISTORIA ASIATICA | |
| 650 | 4 | _aIMPERIO | |
| 650 | 4 | _aTURISMO CULTURAL | |
| 651 | 4 | _aChina | |
| 800 | 1 |
_aAritio, Luis Blas _edirector |
|
| 942 | _cBK | ||
| 998 | _cMariana | ||
| 999 |
_c12180 _d12180 |
||